| 000 | 00600nam a2200169 4500 | ||
|---|---|---|---|
| 001 | 128003 | ||
| 003 | ES-MaACL | ||
| 005 | 20230906193133.0 | ||
| 007 | t| | ||
| 008 | 070214s1962 sp r ||||1| spa d | ||
| 100 | 1 |
_aRíos Pérez, Victoriano. _997391 |
|
| 245 | 1 | 0 |
_aAlgunas pruebas reactivas en la hipertensión arterial / _cVictoriano Ríos Pérez. |
| 260 |
_aTenerife : _bInstituto de Fisiología y Patología Regionales, _c1962. |
||
| 300 |
_a101 p. : _bil. ; _c21 cm. |
||
| 710 | 2 |
_aInstituto de Fisiología y Patología Regionales de Tenerife. _94737 |
|
| 852 |
_aES-MaACL _jC-21406 _bR.49910 |
||
| 999 |
_c128003 _d128003 |
||